|
|
|
|
| LEADER |
007700000a22002170004500 |
| 020 |
|
|
|a 978-1-906884-13-0
|
| 082 |
|
|
|a 910:338 927 Q0
|
| 100 |
|
|
|a Edwards, Deborah; Editor
|
| 100 |
|
|
|a Liburd, Janne J; Editor
|
| 245 |
|
|
|a Understanding the sustainable development of tourism
|
| 250 |
|
|
|
| 260 |
|
|
|a Oxford, Goodfellow Publishers Ltd
|e 2010
|
| 260 |
|
|
|c 2010
|
| 460 |
|
|
|a viii, 247p
|
| 465 |
|
|
|a GBP 29.99
|
| 500 |
|
|
|a ed by Janne J Liburd and Deborah Edwards
|
| 500 |
|
|
|a Includes bibliographical references, glossary and index
|
| 650 |
|
|
|a Sustainable tourism
|
| 942 |
|
|
|c BK
|
| 999 |
|
|
|c 48420
|d 48420
|
| 952 |
|
|
|0 0
|1 0
|4 0
|6 910338_000000000000000_927_Q0
|7 0
|8 ENG
|9 49152
|a MGUL
|b MGUL
|d 2013-07-16
|e GBP 29.99
|l 1
|o 910:338 927 Q0
|p 46627
|r 2015-05-29
|s 2015-03-03
|w 2013-07-16
|y BK
|